Ministri della XVII legislatura - Statistics

Statistiche generali
  • Questo quiz è stato fatto 114 volte
    89 dall'ultimo reset
  • Il punteggio medio è 41 su 78
Statistiche sulle risposte
Ruolo Ministro % Corretto
Vicepresidente del Consiglio Angelino Alfano
90%
Interno Angelino Alfano
90%
Interno Angelino Alfano
90%
Affari esteri e cooperazione internazionale Angelino Alfano
90%
Ambiente e tutela del territorio e del mare Andrea Orlando
83%
Giustizia Andrea Orlando
83%
Giustizia Andrea Orlando
83%
Paolo Gentiloni
83%
Interno Marco Minniti
79%
Autorità delegata per la sicurezza della Repubblica Marco Minniti
79%
Autorità delegata per la sicurezza della Repubblica Marco Minniti
79%
Economia e finanze Pier Carlo Padoan
76%
Economia e finanze Pier Carlo Padoan
76%
Carlo Calenda
74%
Sviluppo economico Carlo Calenda
74%
Rapporti con il Parlamento e coordinamento dell'attività di governo Dario Franceschini
74%
Beni e attività culturali e turismo Dario Franceschini
74%
Beni e attività culturali e turismo Dario Franceschini
74%
Riforme costituzionali e Rapporti con il Parlamento Maria Elena Boschi
71%
Segretario del Consiglio dei ministri Maria Elena Boschi
71%
Affari regionali e autonomie Graziano Delrio
69%
Graziano Delrio
69%
Infrastrutture e trasporti Graziano Delrio
69%
Segretario del Consiglio dei ministri Graziano Delrio
69%
Politiche agricole, alimentari e forestali Maurizio Martina
69%
Politiche agricole, alimentari e forestali Maurizio Martina
69%
Istruzione, università e ricerca Valeria Fedeli
67%
Salute Beatrice Lorenzin
62%
Salute Beatrice Lorenzin
62%
Salute Beatrice Lorenzin
62%
Infrastrutture e trasporti Maurizio Lupi
62%
Infrastrutture e trasporti Maurizio Lupi
62%
Affari esteri e cooperazione internazionale Federica Mogherini
60%
Difesa Roberta Pinotti
60%
Difesa Roberta Pinotti
60%
Affari esteri Emma Bonino
57%
Lavoro e politiche sociali Giuliano Poletti
57%
Lavoro e politiche sociali Giuliano Poletti
57%
Semplificazione e pubblica amministrazione Marianna Madia
55%
Semplificazione e pubblica amministrazione Marianna Madia
55%
Giustizia Annamaria Cancellieri
52%
Sviluppo economico Federica Guidi
50%
Integrazione Cécile Kyenge
48%
Difesa Mario Mauro
48%
Politiche agricole alimentari e forestali Nunzia De Girolamo*
48%
Economia e finanze Fabrizio Saccomanni
45%
Beni e attività culturali e turismo Massimo Bray
45%
Pari opportunità, sport e politiche giovanili Josefa Idem*
43%
Sport Luca Lotti
43%
Editoria Luca Lotti
43%
Istruzione, università e ricerca Stefania Giannini
43%
Ambiente e tutela del territorio e del mare Gian Luca Galletti
40%
Ambiente e tutela del territorio e del mare Gian Luca Galletti
40%
Enrico Costa
38%
Affari regionali Enrico Costa
38%
Lavoro e politiche sociali Enrico Giovannini
38%
Sviluppo economico Flavio Zanonato
36%
Riforme costituzionali Gaetano Quagliariello
36%
Istruzione, università e ricerca Maria Chiara Carrozza
33%
Rapporti con il Parlamento Anna Finocchiaro
31%
Affari europei Enzo Moavero Milanesi
31%
Affari regionali e autonomie Maria Carmela Lanzetta
31%
Coesione territoriale e mezzogiorno Claudio De Vincenti
29%
Terremoto Centro Italia Paola De Micheli
26%
Pubblica amministrazione e semplificazione Gianpiero D'Alia
24%
Coesione territoriale Carlo Trigilia
21%
Segretario del Consiglio dei ministri Filippo Patroni Griffi
21%
Claudio De Vincenti
19%
Coesione territoriale Claudio De Vincenti
19%
Affari regionali Gianclaudio Bressa
19%
Affari regionali Gianclaudio Bressa
19%
Editoria Giovanni Legnini
19%
Autorità delegata per la sicurezza della Repubblica Luciano Pizzetti
19%
Politiche pubbliche in ambito economico, sociale e di ricerca scientifica Angelo Rughetti
17%
Politiche europee Sandro Gozi
17%
Politiche europee Sandro Gozi
17%
Editoria Sesa Amici
17%
Politiche pubbliche in ambito economico, sociale e di ricerca scientifica Tommaso Nannicini
17%
Nessun quiz corrispondente trovato
Distribuzione punteggi
Percentuale di utenti per punteggio
Percentile per numero di risposta
I tuoi punteggi nel tempo
Non hai fatto questo quiz dall'ultimo reset